| 000 | 00608cam a2200229 a 4500 | ||
|---|---|---|---|
| 001 | 000007895 | ||
| 005 | 20200929154335.0 | ||
| 008 | 900716s1994 sp 000 f spa d | ||
| 020 | _a843224550X | ||
| 035 | _a(DLC) 90872160 | ||
| 040 |
_aDO-SdBNP _cDLC |
||
| 082 |
_a863.64 _bL791L, 1994 |
||
| 100 | 1 |
_aLlamazares, Julio, _d1955- _913441 |
|
| 245 | 1 | 0 |
_aLuna de lobos / _cJulio Llamazares. |
| 250 | _a20a ed. | ||
| 260 |
_aBarcelona : _bSeix Barral, _c1994. |
||
| 300 |
_a153 p. ; _c20 cm. |
||
| 650 | 4 |
_aNovela espaƱola _91123 |
|
| 650 | 4 |
_aLiteratura espaƱola _9632 |
|
| 910 | _aWM | ||
| 049 | _aBNGR | ||
| 999 |
_c7673 _d7673 |
||